Temas de derecho ambiental una mirada desde lo pb︢lico

Detalles Bibliográficos
Autor principal: Rodrg̕uez, Gloria Amparo
Formato: eBook
Lenguaje:español
Publicado: Bogot ̀: Editorial Universidad de Rosario (Colombia), 2012
Materias:
Acceso en línea:http://www.vlex.com/source/9153

MARC

LEADER 00000nam a22000007a 4500
005 20130327173801.0
007 cr|||| ||||
008 130327e2012 ck |||||s|||| 00||0 spa d
020 |a 978-958-738-262-4 
035 |a 9153 
040 |a vLex 
090 |c 4065  |d 4065 
100 1 0 |a Rodrg̕uez, Gloria Amparo 
245 1 0 |a Temas de derecho ambiental  |c / Gloria Amparo Rodrg̕uez   |h [Recurso electrn̤ico]  |b una mirada desde lo pb︢lico 
256 |a Servicio en ln̕ea 
260 |a Bogot ̀:   |b Editorial Universidad de Rosario (Colombia),   |c 2012 
300 |a 1 Recurso electrn̤ico 
506 |d vLex Global  |d vLex Global (Academic Edition, excluding Law Schools)  |d vLex Global (U.S. Academic Edition, Law Schools)  |d vLex Global (U.S. Academic Edition, excluding Law Schools)  |d vLex Global (Academic Edition, Law Schools) 
650 0 4 |a Derecho del medio ambiente  |z Colombia 
740 |a vLex Libros (Servicio en ln̕ea) 
856 |a Acceso restringido  |u http://www.vlex.com/source/9153 
942 |c BOOK 
999 0 |a Environmental law